| 000 | 00597nam a2200193 a 4500 | ||
|---|---|---|---|
| 005 | 20240924071126.0 | ||
| 008 | 991125s1989 es 000 0 spa u | ||
| 020 | _a8432040304 | ||
| 035 | _aUPN01000137428 | ||
| 049 | _aCG | ||
| 050 | 4 |
_aPQ6502 _bE8 |
|
| 100 | 1 |
_aAlarcón, Pedro Antonio de, _d1833-1891 _928533 |
|
| 245 | 1 | 3 |
_aEl escándalo / _cPedro Antonio de Alarcón ; ed. e introd. María del Pilar Palomo. |
| 260 |
_aBarcelona, Esp. : _bPlaneta, _c1989. |
||
| 300 | _a327 p. | ||
| 440 | 0 |
_aClásicos universales planeta ; _v177 |
|
| 650 | 4 |
_aLiteratura española _95069 |
|
| 905 | _aLibro | ||
| 999 |
_c109579 _d109579 |
||